Samedi (mort subite) - Statistiques

Statistiques générales
  • Ce quiz a été pris 160 fois
  • Le résultat moyen est 4 sur 6
Answers on the Grid
Answers color-coded by a green-red scale on the quiz's grid according to % correct below.
Man-uement
-réditer
Brig-nd
Prép-ndérant
A-ender
Fl-bustier
Z-narde
Mobili-r
Ma-azine
Brancar-ier
Carna-e
Rai-onner
 
Statistiques - réponses
Réponse % Correct
Brancar-ier
83%
Brig-nd
82%
Mobili-r
73%
A-ender
69%
Rai-onner
64%
Fl-bustier
62%
Aucun quiz correspondant
Distribution des résultats
% des personnes avec chaque résultat
Percentile par nombre de réponses
Votre historique - résultats
Vous n’avez pas pris ce quiz